000 01818nam a22004697a 4500
001 000096824
003 CHAP
005 20220329143215.0
008 070208d2006 mx r 00110 spa d
010 _a93290
011 _a94262
035 _a104848
040 _cCHAP
090 _aTesis
100 1 _aCruz Jiménez, Martha Aracely.
_929459
245 1 0 _aEvaluación técnico - financiero para la producción de alevines de trucha arcoiris (Oncortynchus mykiss) en Santa María Huitepec, Totontepec, Mixe, Oaxaca /
_c/por Martha Aracely Cruz Jiménez y Miriam Muñoz Lara.
260 _aChapingo, Méx. :
_bEl autor,
_c2006.
300 _a86 h. :
_bgráfs.; cuadros, planos.
502 _aTesis ( Ing. Agr. Esp. en Economía Agrícola) - - UACH. División de Ciencias Económico - Administrativas
590 _aALEPH
_b10
_c20130110
_lUCH01
_h1516
590 _aBATCH-UPD
_b10
_c20130110
_lUCH01
_h0605
590 _aBATCH-UPD
_b10
_c20130410
_lUCH01
_h0247
590 _aBATCH-UPD
_b10
_c20130914
_lUCH01
_h0013
590 _aBATCH-UPD
_b10
_c20140324
_lUCH01
_h1501
590 _aBATCH-UPD
_b10
_c20141002
_lUCH01
_h0833
590 _aCONVERSION
_b10
_c20130109
_lUCH01
_h1352
590 _aE11695DGD
_b10
_c20130529
_lUCH01
_h1308
650 1 4 _aAlevines.
_93804
650 1 4 _aPescado
_xCostos de producción.
_987447
650 1 4 _aPescado
_xMercadeo.
_987450
650 1 4 _aPiscicultura.
_988531
650 1 4 _aProyectos
_xEvaluación.
_992525
650 1 4 _aTrucha.
_9115343
700 1 _aMuñoz Lara, María.
_979620
856 _3Finding aid
_uhttp://10.13.5.2/tesis/104848.pdf
_zTeclea aquí
901 _aBK
905 _aElisama A. H.
942 _cCD
942 _n0
949 _aTesis
_bBC
_cTES
_d33724002006579
_eTS1
_h46393
_i104848
_sb
949 _aTesis
_bBC
_cTES
_d33724002006611
_eTS2
_fc.2
_h46394
_i104848
_si
999 _c93290
_d93290